000 00805nam a22002057a 4500
005 20231109120520.0
010 _aHIN-126220
020 _a9788195006151
_c 495.00
035 _aHN-98566
037 _bDBAD/PUB
082 _a921
100 _aजोशी,प्रफुल्ल
_958517
245 _aमेरी जीवनकथा मार्टिन लूथर किंग जूनियर/
_cप्रफुल्ल जोशी
260 _a नई दिल्ली
_bपुनित बुक्स ( प्रा.) लि.
_c2021
270 _asonia vihar
_b नई दिल्ली
300 _a 152 पृष्ठ
_c 23 ( सजिल्द)
700 _a
_958119
710 _a
_e
_958117
942 _cHN
_h921
_2ddc
_mजोशीप्र
999 _c198927
_d198927